Suomalaisia jalkapallopelaajia -Kuvavisa - Statistics

Yleistilastot
  • Tätä visaa on pelattu 192 kertaa
  • Keskiarvotulos 11 / 18
Vastaustilastot
Kuvavisa Vastaus % Oikein
Jari Litmanen
97%
Teemu Pukki
97%
Joel Pohjanpalo
90%
Sami Hyypiä
89%
Lukas Hradecky
82%
Paulus Arajuuri
79%
Robin Lod
67%
Mikael Forssell
65%
Niklas Moisander
55%
Petri Pasanen
54%
Jussi Jääskeläinen
53%
Oliver Antman
50%
Antti Niemi
46%
Mixu Paatelainen
44%
Jonatan Johansson
35%
Aulis Rytkönen
23%
Arto Tolsa
18%
Juhani Peltonen
6%
Ehtoja vastaavia visoja ei löytynyt
Tulosjakauma
Jokaisen tuloksen saaneiden osuus
Persentiili vastausten määrän mukaan
Tuloshistoriasi
Et ole pelannut tätä visaa